Scorebuilder for Financial Accounting
Gespeichert in:
| 1. Verfasser: | |
|---|---|
| Format: | Buch |
| Sprache: | Englisch |
| Veröffentlicht: |
Homewood
IRWIN
1988
|
| Ausgabe: | 1. ed. |
| Tags: |
Keine Tags, Fügen Sie das erste Tag hinzu!
|
MARC
| LEADER | 00000nam a2200000 4500 | ||
|---|---|---|---|
| 001 | c024257 | ||
| 005 | 20221219120541.6 | ||
| 041 | 0 | |a eng | |
| 044 | |a US | ||
| 245 | 1 | 0 | |a Scorebuilder for Financial Accounting |c Bruce A. Baldwin |
| 250 | |a 1. ed. | ||
| 264 | 1 | |a Homewood |b IRWIN |c 1988 | |
| 300 | |a 194 s. | ||
| 100 | 1 | |a Baldwin, Bruce A. | |